Derecho procesal de amparo /

שמור ב:
מידע ביבליוגרפי
מחבר ראשי: Chávez Castillo, Raúl (autor)
מחברים אחרים: Díez Quintana, Juan Antonio
פורמט: ספר
שפה:ספרדית
יצא לאור: México : Porrúa, 2004, c2004
נושאים:
תגים: הוספת תג
אין תגיות, היה/י הראשונ/ה לתייג את הרשומה!

MARC

LEADER 00000nam^a2200000^a^4500
001 000296886
005 20250521000000.0
009 20260310112321.655
020 |a 970-07-5301-8 
037 |a Acervo ITESO - Biblioteca 
041 |a ESP 
082 |a 342. 72085  |b CHA 
100 |a Chávez Castillo, Raúl  |e (autor) 
245 1 0 |a Derecho procesal de amparo /  |c R. Chávez Castillo ; pról. de J.A. Díez Quintana. 
264 4 |a México :  |b Porrúa,  |c 2004, c2004 
300 |a XXII, 397 p. 
336 |a texto  |b txt  |2 rdacontenido 
337 |a sin mediación  |b n  |2 rdamedio 
338 |a volumen  |b nc  |2 rdasoporte 
649 |a XX 
650 |a Prueba (Derecho) -  |z México 
650 |a Recursos (Derecho) -  |z México 
650 |a Sentencias -  |z México 
650 |a Actos Jurídicos -  |z México 
650 |a Amparo -  |z México -  |x Tema Principal 
650 |a Juicios -  |z México -  |x Tema Principal 
650 |a Derecho Procesal Constitucional -  |z México 
650 |a Derecho Procesal -  |z México 
650 |a Derecho Constitucional -  |z México 
650 |a Derecho Público -  |z México 
700 |a Díez Quintana, Juan Antonio 
910 |a Fondo General 
920 |a Impresos - Libros 
930 |a Colección General 
905 |a 101 
901 |a 0500182809  |b IT1  |c ACC  |i C122160  |u 20250521 
902 |a https://opac.biblio.iteso.mx/vufind/Record/000296886